Kierowcy F1 2023 - Statystyki

Ogólne statystyki
  • Ten quiz został rozwiązany 8 razy
  • Średni wynik to 20 z 22
Statystyki odpowiedzi
Zespół Kraj Kierowca % Poprawnych
Aston Martin 🇪🇸 Alonso
100%
Alfa Romeo 🇫🇮 Bottas
100%
Alpine 🇫🇷 Gasly
100%
Mercedes 🇬🇧 Hamilton
100%
Ferrari 🇮🇩 Leclerc
100%
McLaren 🇬🇧 Norris
100%
Red Bull 🇲🇽 Perez
100%
McLaren 🇦🇺 Piastri
100%
Ferrari 🇪🇸 Sainz
100%
Aston Martin 🇨🇦 Stroll
100%
Alphatauri 🇯🇵 Tsunoda
100%
Red Bull 🇳🇱 Verstappen
100%
Alfa Romeo 🇨🇳 Zhou
100%
Williams 🇹🇭 Albon
83%
Haas 🇩🇪 Hulkenberg
83%
Haas 🇩🇰 Magnussen
83%
Alpine 🇫🇷 Ocon
83%
Mercedes 🇬🇧 Russell
83%
Williams 🇺🇸 Sargeant
83%
Alphatauri 🇳🇱 De Vries
67%
Alphatauri 🇳🇿 Lawson
67%
Alphatauri 🇦🇺 Ricciardo
67%
Nie znaleziono quizów pasujących do podanych kryteriów
Rozkład punktacji
Procent ludzi z każdym wynikiem
Percentyl według liczby udzielonych odpowiedzi
Twoja historia wyników
Nie rozwiązałeś tego quizu